=LDR 00000nam 2200000 4500 =001 INLIS000000000002398 =005 20130612090734 =008 ***********************************Ind** =035 ##$$0010-061300000002398 =041 ##$$a Ind =082 ##$$a 959.8 =090 ##$$a 959.8, Bud m =100 ##$$a Budianta, Eka =245 ##$$a Mengembalikan kepercayaan rakyat, Eka Budianta =260 ##$$a 1992 $b Jakarta =300 ##$$a vii,172 hlm; ilus, 19 cm =650 ##$$a Indonesia-Politik dan Pemerintahan =850 ##$$a NBPNMAT